Der Jahrtausendmensch : Bericht aus den Werkstätten der neuen Gesellschaft
Сохранить в:
| Главный автор: | |
|---|---|
| Формат: | |
| Язык: | Undetermined |
| Опубликовано: |
Muˆnchen
Bertelsmann Verlag
1973
|
| Предметы: | |
| Метки: |
Добавить метку
Нет меток, Требуется 1-ая метка записи!
|
| Thư viện lưu trữ: | Trung tâm Học liệu Trường Đại học Cần Thơ |
|---|
| LEADER | 00662nam a2200205Ia 4500 | ||
|---|---|---|---|
| 001 | CTU_191347 | ||
| 008 | 210402s9999 xx 000 0 und d | ||
| 082 | |a 301.243 | ||
| 082 | |b J33 | ||
| 100 | |a Jungk, Robert | ||
| 245 | 0 | |a Der Jahrtausendmensch : | |
| 245 | 0 | |b Bericht aus den Werkstätten der neuen Gesellschaft | |
| 245 | 0 | |c Robert Jungk | |
| 260 | |a Muˆnchen | ||
| 260 | |b Bertelsmann Verlag | ||
| 260 | |c 1973 | ||
| 650 | |a Technology,Technology and civilization,Công nghệ,Công nghệ và văn minh | ||
| 650 | |x Social aspects,Khía cạnh xã hội | ||
| 904 | |i Qhieu | ||
| 980 | |a Trung tâm Học liệu Trường Đại học Cần Thơ | ||